000 00846nam a2200289Ia 4500
001 Para_7116
003 CHAP
008 220125s1975 xx 000 0 und d
010 _a206002
040 _cCHAP
090 _aPA FOLLETO 3051
100 _aMoscardi C., Edgardo Rubén
_978994
245 _aEl trigo en Bolivia /
_c por Edgar Rubén Moscardi C.
260 _aEl Batán, Méx. :
_b CIMMYT
300 _a17 p.
650 _aFertilizantes para trigo
_940641
650 _aTrigo
_x Bolivia
_9114987
650 _aTrigo
_x semilla
_x certificación
_9115098
710 _aCentro Internacional de Mejoramiento de Maíz y Trigo
_921207
901 _aPA FOLLETO 3051
902 _aA
905 _a0000001975 ai 0000000000 00
910 _a1975
942 _cPARA
942 _cPARA
_d1
999 _c206002
_d206002